000
00271nam a2200133Ia 4500
100
_a
Deb/A
942
_c
BK
654
_a
Foremanship
245
_a
Foremanship
260
_b
Asia publishing house
_a
Bombay
_c
1963
082
_a
658.3
300
_a
150
546
_a
ENGLISH
999
_c
27395
_d
27395